[Event "Match of Champions"]
[Site "Kharkiv UKR"]
[Date "2008.03.05"]
[Round "1"]
[White "Eljanov, P."]
[Black "Ponomariov, R."]
[Result "0-1"]
[WhiteElo "2692"]
[BlackElo "2719"]
[PlyCount "44"]
[EventDate "2008.03.05"]
[Source "www.chesslib.no"]
[SourceDate "2004.05.04"]

1. d4 d5 2. Bf4 c5 3. e4 dxe4 4. d5 Nf6 5. Nc3 a6 6. Qe2 g6 7. Nxe4 Nxe4 8. Qxe4 Bg7 9. O-O-O O-O 10. Ne2 Nd7 11. Qe3 Nf6 12. Nc3 b5 13. Qxc5 Bf5 14. Qb4 Rc8 15. Rd2 Ne8 16. Bd3 Bxd3 17. cxd3 Qxd5 18. Kb1 Qxg2 19. Qe4 Qxe4 20. dxe4 Nf6 21. Rhd1 Rxc3 22. bxc3 Nxe4 0-1

[Event "XVI Magistrale A"]
[Site "Pamplona SPA"]
[Date "2006.12.26"]
[Round "4"]
[White "Bauer, Ch"]
[Black "Morozevich, A."]
[Result "0-1"]
[WhiteElo "2585"]
[BlackElo "2747"]
[PlyCount "82"]
[EventDate "2006.12.22"]
[Source "www.chesslib.no"]
[SourceDate "2004.05.04"]

1. d4 d5 2. Bf4 Bg4 3. f3 Bh5 4. e3 e6 5. c4 Bb4+ 6. Nc3 Ne7 7. Rc1 c5 8. dxc5 O-O 9. Nge2 Nd7 10. cxd5 Nxd5 11. Kf2 Nxc3 12. Nxc3 Bxc5 13. Ne4 Bb6 14. Bc4 h6 15. Qd6 e5 16. Bxe5 Rc8 17. Bd4 Rc6 18. Bxb6 Rxb6 19. Qd4 Qh4+ 20. g3 Qe7 21. Be2 Ne5 22. Rc5 Re6 23. Rd1 Nxf3 24. Bxf3 Bxf3 25. Kxf3 Rxe4 26. Qxe4 Qxc5 27. Kg2 Qb5 28. Rd2 Re8 29. Qf3 b6 30. b3 Re7 31. Rd8+ Kh7 32. e4 Qc6 33. Qf5+ g6 34. Qd5 Qc2+ 35. Kh3 Qf2 36. Qd4 Qf1+ 37. Kh4 g5+ 38. Kg4 f5+ 39. exf5 Qe2+ 40. Kh3 Qh5+ 41. Kg2 Re2+ 0-1

[Event "Olimpiadi 2008 - open"]
[Site "Dresda GER"]
[Date "2008.11.16"]
[Round "4"]
[White "Berkes, F."]
[Black "Lupulescu, C."]
[Result "1-0"]
[WhiteElo "2645"]
[BlackElo "2594"]
[PlyCount "79"]
[EventDate "2008.11.13"]
[Source "www.chesslib.no"]
[SourceDate "2004.05.04"]

1. d4 d5 2. Bf4 c6 3. e3 Bf5 4. c4 Bxb1 5. Qxb1 e5 6. Bxe5 Qa5+ 7. Kd1 Nd7 8. Bg3 c5 9. Nf3 Ngf6 10. a3 cxd4 11. exd4 Be7 12. c5 Ne4 13. Bd3 f5 14. b4 Qd8 15. Qb3 f4 16. Bxf4 Nxf2+ 17. Kc2 Nxh1 18. Qxd5 Nf6 19. Bb5+ Kf8 20. Qxd8+ Rxd8 21. Rxh1 Nd5 22. Bg3 h5 23. Re1 h4 24. Be5 Rh6 25. Bc4 Rg6 26. Re2 Rxg2 27. Rxg2 Ne3+ 28. Kd3 Nxg2 29. Ke4 Bf6 30. Bd6+ Be7 31. Bc7 Rc8 32. Be5 Bf6 33. Be6 Rc6 34. Bh3 Bxe5 35. Nxe5 Ra6 36. Bxg2 Rxa3 37. Kf5 Ra2 38. Bxb7 Rxh2 39. c6 Rc2 40. Ke4 1-0

[Event "Warsaw"]
[Site "?"]
[Date "2005.06.27"]
[Round "9"]
[White "Winants Luc"]
[Black "Tregubov Pavel V"]
[Result "1/2-1/2"]
[WhiteElo "2535"]
[BlackElo "2612"]
[PlyCount "92"]
[EventDate "2005.??.??"]
[Source "www.chesslib.no"]
[SourceDate "2004.05.04"]

1. d4 d5 2. Bf4 c5 3. e4 dxe4 4. d5 Nf6 5. Nc3 a6 6. Qe2 e6 7. O-O-O Qa5 8. d6 Nc6 9. Kb1 e5 10. Bd2 Nd4 11. Qe1 Qb6 12. Bg5 Be6 13. Bxf6 gxf6 14. Nxe4 O-O-O 15. c3 Nf5 16. Nxf6 Rxd6 17. Rxd6 Bxd6 18. Nf3 Rd8 19. Nd2 Be7 20. Nfe4 Nd6 21. Ng3 Nb5 22. Ka1 Bg5 23. Nc4 Qc7 24. Qb1 f5 25. Nxf5 Qf7 26. Nce3 Nd6 27. Bd3 Bxe3 28. Nxd6+ Rxd6 29. fxe3 Bxa2 30. Qxa2 Qxa2+ 31. Kxa2 Rxd3 32. Rf1 Rxe3 33. Rf8+ Kc7 34. Rf7+ Kc6 35. Rxh7 Re1 36. c4 b5 37. Rh6+ Kd7 38. Rxa6 bxc4 39. Rg6 e4 40. h4 e3 41. Rg3 Kd6 42. h5 Kd5 43. h6 e2 44. Re3 Kd4 45. h7 Kxe3 46. h8=Q Ra1+ 1/2-1/2

[Event "Hilversum NED"]
[Site "?"]
[Date "2006.06.25"]
[Round "8"]
[White "Bosch Jeroen"]
[Black "Sokolov Ivan"]
[Result "0-1"]
[WhiteElo "2465"]
[BlackElo "2676"]
[PlyCount "118"]
[EventDate "2006.??.??"]
[Source "www.chesslib.no"]
[SourceDate "2004.05.04"]

1. d4 d5 2. Bf4 Bg4 3. c3 Nf6 4. Qb3 Qc8 5. Nd2 e6 6. Ngf3 Be7 7. Ne5 Bh5 8. e3 O-O 9. h4 Nbd7 10. f3 Bg6 11. Nxd7 Qxd7 12. Qxb7 Bd6 13. Qa6 Bxf4 14. exf4 Nh5 15. g4 Nxf4 16. h5 Bc2 17. Rc1 Ba4 18. Nb3 Bxb3 19. axb3 Rfb8 20. b4 e5 21. dxe5 Rb6 22. Qa5 Qe7 23. Kf2 Qxe5 24. Rd1 Re6 25. Qc5 h6 26. Qd4 Qg5 27. Kg3 Rf6 28. Re1 Ne6 29. Qe3 a5 30. bxa5 Rxa5 31. Qxg5 hxg5 32. Bd3 Kf8 33. Re5 Ra2 34. Rh2 Nf4 35. Bb1 Ra1 36. Bc2 Rg1+ 37. Kf2 Rxg4 38. fxg4 Nd3+ 39. Kg3 Nxe5 40. Bf5 Rb6 41. Rd2 c6 42. b4 Ra6 43. b5 Ra5 44. bxc6 Nxc6 45. Kf2 Rc5 46. Rd3 Ke7 47. Re3+ Kf6 48. Kg3 Ne5 49. Bc2 Rc4 50. Bd1 Ke6 51. Be2 Rf4 52. Bd1 Kd6 53. Be2 f6 54. Bd1 Kc6 55. Be2 Kc5 56. Bd1 Rf1 57. Be2 Rg1+ 58. Kh3 Re1 59. Kg3 d4 0-1

[Event "EU-chT (Men)"]
[Site "Plovdiv"]
[Date "1983.??.??"]
[Round "5"]
[White "Kovacevic, Vlatko"]
[Black "Beliavsky, Alexander G"]
[Result "1/2-1/2"]
[WhiteElo "2555"]
[BlackElo "2570"]
[PlyCount "122"]
[EventDate "1983.06.??"]
[Source "ChessBase"]

1. d4 d5 2. Bf4 e6 3. e3 c5 4. c3 Nc6 5. Nd2 Nf6 6. Bd3 Bd6 7. Bxd6 Qxd6 8. f4 cxd4 9. cxd4 Nb4 10. Be2 Qb6 11. Qb3 Bd7 12. a3 Nc6 13. Qxb6 axb6 14. Bd3 Nb4 15. Bb1 Ke7 16. Ne2 Bb5 17. Nc3 Bd3 18. Na2 Bxb1 19. Nxb4 Bf5 20. Ke2 h6 21. Rac1 Rhc8 22. h3 h5 23. Rhg1 Kd6 24. Na2 Rc6 25. Rc3 Rg8 26. h4 Rgc8 27. Rgc1 Ne8 28. Kf3 Kd7 29. Ke2 Nd6 30. Rg1 f6 31. g3 Ra8 32. Rgc1 Bg4+ 33. Kf2 Rac8 34. a4 Rxc3 35. Rxc3 Ra8 36. Ra3 Bd1 37. Nc3 Bc2 38. Ke2 Nf5 39. Kf2 Nd6 40. Ke2 Rc8 41. Ra1 Ke7 42. Kf2 Kf7 43. Ke2 Kg6 44. a5 Ra8 45. Rc1 Bf5 46. axb6 Ra6 47. b3 Rxb6 48. Na4 Ra6 49. Rc7 b5 50. Nc5 Ra2 51. Rd7 Bg4+ 52. Kd3 Nf5 53. Nxe6 Nxg3 54. Rxg7+ Kh6 55. Rf7 Kg6 56. Rg7+ Kf5 57. Nc7 Be2+ 58. Kc3 Bg4 59. Nxd5 Ne2+ 60. Kd3 Nc1+ 61. Kc3 Ne2+ 1/2-1/2

[Event "It (cat.14)"]
[Site "Wijk aan Zee (Netherlands)"]
[Date "2007.01.15"]
[Round "3"]
[White "Atalik Suat (BIH)"]
[Black "Smeets Jan (NED)"]
[Result "0-1"]
[WhiteElo "2586"]
[BlackElo "2538"]
[PlyCount "76"]
[EventDate "2007.??.??"]
[Source "www.chesslib.no"]
[SourceDate "2004.05.04"]

1. d4 d5 2. Bf4 c5 3. e3 Nc6 4. c3 Nf6 5. Nd2 Bf5 6. Qb3 Qd7 7. Ngf3 c4 8. Qd1 b5 9. Be2 h6 10. a4 b4 11. cxb4 Nxb4 12. O-O a6 13. Ne5 Qd8 14. a5 Bc2 15. Qc1 e6 16. Bd1 Bxd1 17. Qxd1 Be7 18. Qa4+ Kf8 19. Rfc1 Rc8 20. Rc3 g5 21. Bg3 Kg7 22. b3 cxb3 23. Rxb3 Nc2 24. Rab1 Qe8 25. Qa2 Qf8 26. Rf1 Na3 27. f4 Rc2 28. Rb2 Qc8 29. fxg5 hxg5 30. Nb1 Rc1 31. Nxa3 Rxf1+ 32. Kxf1 Qc1+ 33. Ke2 Ne4 34. Nb1 Qg1 35. Nd3 Qxg2+ 36. Nf2 Bd6 37. Kd3 Qf1+ 38. Re2 Rc8 0-1

[Event "It (Open) Verona ITA"]
[Site "?"]
[Date "2006.01.09"]
[Round "9"]
[White "Rowson Jonathan"]
[Black "Stojanovic Mihajlo"]
[Result "0-1"]
[WhiteElo "2599"]
[BlackElo "2522"]
[PlyCount "54"]
[EventDate "2006.??.??"]
[Source "www.chesslib.no"]
[SourceDate "2004.05.04"]

1. d4 d5 2. Bf4 c5 3. e4 Nc6 4. exd5 Qxd5 5. Nc3 Qf5 6. Qd2 cxd4 7. Nb5 e5 8. Nc7+ Kd8 9. Nxa8 exf4 10. O-O-O Be6 11. Ne2 Bc5 12. Nxf4 Bxa2 13. g3 Bb4 14. Qe3 Bd6 15. Rxd4 Nxd4 16. Qxd4 Qe5 17. Qd2 Nf6 18. Bg2 Kc8 19. Re1 Qc5 20. Re3 Kb8 21. Rc3 Qb4 22. Nd3 Qd4 23. Qg5 Kxa8 24. Qxg7 Re8 25. g4 Bb4 26. g5 Bxc3 27. bxc3 Qxc3 0-1

[Event "Abu Dhabi (14eme open)"]
[Site "?"]
[Date "2005.08.21"]
[Round "7"]
[White "Chernyshov Konstantin"]
[Black "Gleizerov Evgeny"]
[Result "1/2-1/2"]
[WhiteElo "2548"]
[BlackElo "2572"]
[PlyCount "23"]
[EventDate "2005.??.??"]
[Source "www.chesslib.no"]
[SourceDate "2004.05.04"]

1. d4 d5 2. Bf4 Nf6 3. e3 c6 4. Bd3 Bg4 5. Ne2 e6 6. O-O Bd6 7. Bxd6 Qxd6 8. c4 Nbd7 9. Nbc3 O-O 10. Qc2 Bh5 11. Ng3 Bg6 12. Bxg6 1/2-1/2

[Event "It \"]
[Site "Basel (Switzerland)"]
[Date "2007.01.05"]
[Round "5"]
[White "Gonda Laszlo (HUN)"]
[Black "Malakhatko Vadim (UKR)"]
[Result "1/2-1/2"]
[WhiteElo "2511"]
[BlackElo "2604"]
[PlyCount "158"]
[EventDate "2007.??.??"]
[Source "www.chesslib.no"]
[SourceDate "2004.05.04"]

1. d4 d5 2. Bf4 c6 3. c3 Nf6 4. e3 Bf5 5. Qb3 Qb6 6. Nd2 Nh5 7. Be5 Nd7 8. Be2 Nhf6 9. Bg3 e6 10. Ngf3 Be7 11. O-O O-O 12. Nh4 Be4 13. f3 Bg6 14. Nxg6 hxg6 15. c4 c5 16. dxc5 Bxc5 17. Bf2 Qd6 18. Rfd1 Qe7 19. Nf1 Bb6 20. a4 Ne5 21. cxd5 Nxd5 22. a5 Bc5 23. Nd2 a6 24. f4 Nc6 25. Nc4 Rad8 26. Bf3 Ndb4 27. Be1 g5 28. g3 gxf4 29. gxf4 Nd5 30. Kh1 Rd7 31. Bc3 Nxc3 32. Qxc3 Rxd1+ 33. Rxd1 Bb4 34. Qb3 Nxa5 35. Nxa5 Bxa5 36. Qxb7 Qc5 37. Rd3 Bb6 38. Qc6 Qb4 39. Qc3 Qb5 40. Kg2 Bd8 41. b3 Qf5 42. Qc4 Qg6+ 43. Kh1 a5 44. Qe4 Qf6 45. Qd4 Qh4 46. Kg2 Bf6 47. Qc5 Qh7 48. Rd1 Qg6+ 49. Kh1 Rd8 50. Rxd8+ Bxd8 51. Qd4 Be7 52. Qe4 Qf6 53. Qa8+ Bd8 54. Be2 g6 55. Bc4 Kg7 56. Qa7 Kg8 57. Qd4 Qh4 58. Qe4 Qf2 59. Qa8 Qd2 60. Qf3 Bb6 61. e4 Bc7 62. Be2 Bxf4 63. Qd3 Qe1+ 64. Kg2 Be5 65. h3 Kg7 66. Bf1 Qc1 67. Qf3 Qc5 68. Qd3 Bc7 69. Kf3 Qh5+ 70. Ke3 Qg5+ 71. Ke2 Be5 72. Kd1 Qf4 73. Ke2 Qh2+ 74. Kd1 Qf2 75. Qe2 Qd4+ 76. Qd3 Qa1+ 77. Ke2 Qc1 78. Qd2 Qc5 79. Qd3 Bd4 1/2-1/2

[Event "20th Open"]
[Site "Cappelle la Grande"]
[Date "2004.03.02"]
[Round "5"]
[White "Chernyshov, Konstantin"]
[Black "Korobov, Anton"]
[Result "1/2-1/2"]
[WhiteElo "2557"]
[BlackElo "2552"]
[PlyCount "58"]
[EventDate "2004.02.28"]
[Source "Roberto Alvarez"]
[SourceDate "2004.03.08"]

1. d4 d5 2. Bf4 Nf6 3. e3 e6 4. Nf3 Bd6 5. Bg3 O-O 6. Nbd2 c5 7. c3 Nc6 8. Bd3 Qe7 9. Ne5 Nd7 10. Nxd7 Bxd7 11. Bxd6 Qxd6 12. f4 cxd4 13. cxd4 Nb4 14. Bb1 Bb5 15. Nf3 Qa6 16. Qd2 Nd3+ 17. Bxd3 Bxd3 18. Kf2 Rac8 19. Rhc1 f6 20. Rxc8 Rxc8 21. Rc1 Rc4 22. Rxc4 dxc4 23. Qb4 Qxa2 24. Qxb7 h6 25. g4 Kh7 26. Kg3 Qb1 27. Qf7 Be4 28. Qxe6 Qd3 29. Kf2 Qc2+ 1/2-1/2

[Event "Voronezh RUS"]
[Site "?"]
[Date "2006.06.19"]
[Round "7"]
[White "Chernyshov Konstantin"]
[Black "Solodovnichenko Yuri"]
[Result "0-1"]
[WhiteElo "2544"]
[BlackElo "2540"]
[PlyCount "86"]
[EventDate "2006.??.??"]
[Source "www.chesslib.no"]
[SourceDate "2004.05.04"]

1. d4 d5 2. Bf4 c5 3. Bxb8 Rxb8 4. c3 cxd4 5. cxd4 Qb6 6. Qb3 Qxd4 7. e3 Qc5 8. Bb5+ Bd7 9. Bxd7+ Kxd7 10. Nc3 e6 11. Nf3 Bd6 12. O-O Nf6 13. Nb5 Rhc8 14. Qa4 Qc4 15. Qxc4 Rxc4 16. Ng5 Rf8 17. Nxa7 h6 18. Nf3 Rb4 19. a3 Rxb2 20. Rfb1 Rxb1+ 21. Rxb1 Rb8 22. Nb5 Ne4 23. g4 Ra8 24. h4 Ra4 25. Kg2 Nc5 26. g5 h5 27. Nfd4 Be5 28. Nf3 Bb8 29. Nfd4 e5 30. Nf5 g6 31. Nh6 Ke6 32. Nc3 Ra6 33. Rd1 Rxa3 34. Nxd5 Rd3 35. Rxd3 Nxd3 36. Nc3 f6 37. Kf1 Nc5 38. Nb5 fxg5 39. hxg5 Ne4 40. f4 exf4 41. Nd4+ Kd5 42. Nf7 fxe3 43. Nf3 Nd2+ 0-1

[Event "otb"]
[Site "otb"]
[Date "2007.03.12"]
[Round "8"]
[White "Bogosavljevic Boban"]
[Black "Miladinovic Igor"]
[Result "1-0"]
[WhiteElo "2470"]
[BlackElo "2607"]
[PlyCount "36"]
[Source "www.chesslib.no"]
[SourceDate "2004.05.04"]

1. d4 d5 2. Bf4 c5 3. e3 Nc6 4. c3 Qb6 5. Qb3 c4 6. Qc2 Bf5 7. Qxf5 Qxb2 8. Qxd5 Nf6 9. Qxc4 Ne4 10. Qb5 Qc1+ 11. Ke2 Qc2+ 12. Kf3 g5 13. Nh3 f5 14. Bxg5 Qd1+ 15. Be2 Qxh1 16. Qxb7 Nd8 17. Qb5+ Kf7 18. Qxf5+ Nf6 1-0

[Event "Tch (Men) 2005/2006 NED"]
[Site "?"]
[Date "2005.11.26"]
[Round "4"]
[White "Winants Luc"]
[Black "Doettling Fabian"]
[Result "1/2-1/2"]
[WhiteElo "2529"]
[BlackElo "2542"]
[PlyCount "111"]
[EventDate "2005.??.??"]
[Source "www.chesslib.no"]
[SourceDate "2004.05.04"]

1. d4 d5 2. Bf4 Nf6 3. e3 c5 4. dxc5 Qa5+ 5. Nc3 e6 6. a3 Qxc5 7. Nb5 Na6 8. b4 Qb6 9. Be5 Bd7 10. Bd4 Qd8 11. Nf3 Nc7 12. Nc3 a6 13. Bd3 Be7 14. O-O O-O 15. Qe2 Bc6 16. Ne5 Qe8 17. e4 Nb5 18. Nxb5 axb5 19. exd5 Nxd5 20. Nxc6 bxc6 21. c4 bxc4 22. Bxc4 Qd7 23. Rfd1 Rfb8 24. Qg4 Bf8 25. h4 f5 26. Qg3 Qf7 27. Re1 Re8 28. Be5 Kh8 29. Rac1 Nf6 30. Qf3 Ng4 31. Bb2 Rac8 32. g3 Qg6 33. Ba6 Rcd8 34. Bd3 Rd6 35. Rxc6 Red8 36. Rxd6 Bxd6 37. Bc4 e5 38. Rd1 e4 39. Qf4 h5 40. Qg5 Qxg5 41. hxg5 h4 42. Be2 hxg3 43. fxg3 Ne3 44. Rd2 Nc4 45. Bxc4 Bc5+ 46. bxc5 Rxd2 47. c6 Rc2 48. Be6 Rxc6 49. Bxf5 Rc2 50. Bd4 Rc4 51. Be3 Rc3 52. Kf2 Rxa3 53. Bxe4 Ra6 54. Kf3 Kg8 55. Kf4 Ra5 56. Bd3 1/2-1/2

[Event "Campionato europeo 2007"]
[Site "Dresda GER"]
[Date "2007.04.04"]
[Round "2.58"]
[White "Sedlak, Nikola"]
[Black "Simacek, Pavel"]
[Result "1/2-1/2"]
[WhiteElo "2575"]
[BlackElo "2495"]
[PlyCount "61"]
[EventDate "2007.04.03"]
[Source "www.chesslib.no"]
[SourceDate "2004.05.04"]

1. d4 d5 2. Bf4 c5 3. e3 cxd4 4. exd4 Nc6 5. c3 Nf6 6. Bd3 Bg4 7. Qb3 Qc8 8. Nd2 Bh5 9. Ngf3 Bg6 10. Be2 e6 11. Ne5 Nd7 12. h4 Ndxe5 13. Bxe5 f6 14. Bg3 Be7 15. h5 Bf7 16. Nf3 a6 17. Bd3 Qd7 18. Qc2 Rc8 19. a3 Bd6 20. Bxd6 Qxd6 21. Kf1 h6 22. Re1 O-O 23. Qe2 e5 24. Nh4 e4 25. Bb1 Ne7 26. g3 Be8 27. Kg1 Bb5 28. Qd2 Bd7 29. Qe2 Bb5 30. Qd2 Bd7 31. Qe2 1/2-1/2

[Event "Pula PCA Open"]
[Site "Pula CRO"]
[Date "1994.??.??"]
[Round "?"]
[White "Kovacevic, Vlatko"]
[Black "Kozul, Zdenko"]
[Result "1/2-1/2"]
[WhiteElo "2485"]
[BlackElo "2575"]
[PlyCount "46"]
[EventDate "1994.10.??"]
[Source "www.chesslib.no"]
[SourceDate "2004.05.04"]

1. d4 d5 2. Bf4 Nf6 3. e3 g6 4. h3 Bg7 5. Nf3 O-O 6. Nbd2 Nbd7 7. Be2 b6 8. O-O Bb7 9. a4 a6 10. b4 Ne4 11. Nxe4 dxe4 12. Ne5 Nxe5 13. Bxe5 Bxe5 14. dxe5 a5 15. b5 e6 16. Qxd8 Rfxd8 17. Rfd1 Rxd1+ 18. Rxd1 Kf8 19. h4 Ke7 20. Rd4 Rd8 21. Rxd8 Kxd8 22. g4 Ke7 23. g5 c5 1/2-1/2

[Event "I Open"]
[Site "Calviá"]
[Date "2004.11.08"]
[Round "8"]
[White "Conquest, Stuart"]
[Black "Felgaer, Ruben"]
[Result "1-0"]
[WhiteElo "2488"]
[BlackElo "2569"]
[PlyCount "47"]
[EventDate "2004.11.01"]
[Source "Roberto Alvarez"]
[SourceDate "2004.11.08"]

1. d4 d5 2. Bf4 Nf6 3. e3 Bf5 4. Nf3 e6 5. Nbd2 c5 6. Bxb8 Rxb8 7. Bb5+ Ke7 8. dxc5 Qa5 9. Nd4 a6 10. Be2 Qxc5 11. O-O h5 12. c4 g6 13. cxd5 Qxd5 14. Bf3 Qd7 15. Rc1 Bg7 16. Bc6 Qd6 17. Nc4 Qc7 18. Bxb7 Qxb7 19. Na5 Qd5 20. Ndc6+ Kd6 21. Qa4 Qe4 22. Qa3+ Kc7 23. Ne5+ Kb6 24. Qc5# 1-0

[Event "Hoogovens-B"]
[Site "Wijk aan Zee NED"]
[Date "1986.01.??"]
[Round "8"]
[White "Hulak, Krunoslav"]
[Black "Garcia Palermo, Carlos H"]
[Result "1-0"]
[WhiteElo "2505"]
[BlackElo "2550"]
[PlyCount "93"]
[EventDate "1986.01.??"]
[Source "www.chesslib.no"]
[SourceDate "2004.05.04"]

1. d4 d5 2. Bf4 c5 3. e3 cxd4 4. exd4 Nc6 5. c3 g6 6. Nd2 Bg7 7. Ngf3 Nh6 8. Bb5 O-O 9. O-O Nf5 10. a4 f6 11. h3 a6 12. Bxc6 bxc6 13. b4 g5 14. Bh2 h5 15. Ne1 e5 16. Qxh5 exd4 17. Qf3 Qe8 18. Qd3 dxc3 19. Qxc3 Nd4 20. Qxd4 f5 21. Qc5 Bxa1 22. Nd3 Bf6 23. Bd6 Rf7 24. Re1 Qd8 25. Nf3 Bd7 26. Nfe5 Bxe5 27. Nxe5 Qe8 28. Nf3 Qd8 29. Ne5 Qe8 30. Nf3 Qd8 31. Be7 Qc7 32. Nxg5 Rg7 33. Bf6 Qa7 34. Bxg7 Qxc5 35. bxc5 Kxg7 36. Re7+ Kf6 37. Rxd7 Kxg5 38. Rc7 Kf4 39. Rxc6 d4 40. Kf1 d3 41. Ke1 Ke4 42. Kd2 Rg8 43. g3 f4 44. gxf4 Rg2 45. Re6+ Kd4 46. Rd6+ Kc4 47. Rxd3 1-0

[Event "FSGM May"]
[Site "Budapest"]
[Date "2004.05.04"]
[Round "4"]
[White "Chernyshov, Konstantin"]
[Black "Seres, Lajos"]
[Result "1-0"]
[WhiteElo "2556"]
[BlackElo "2497"]
[PlyCount "33"]
[EventDate "2004.05.01"]
[Source "Roberto Alvarez"]
[SourceDate "2004.05.10"]

1. d4 d5 2. Bf4 c5 3. e3 Nc6 4. c3 Nf6 5. Nd2 Bf5 6. Ngf3 e6 7. Qb3 Qc8 8. c4 cxd4 9. Nxd4 Bb4 10. Nxf5 exf5 11. cxd5 Bxd2+ 12. Kxd2 Qd7 13. Ke1 Qxd5 14. Bc4 Qa5+ 15. Ke2 O-O-O 16. Rhd1 Ne4 17. Be6+ 1-0

[Event "Olimpiadi 2008 - open"]
[Site "Dresda GER"]
[Date "2008.11.16"]
[Round "4"]
[White "Kosic, D."]
[Black "Kanep, M."]
[Result "1/2-1/2"]
[WhiteElo "2511"]
[BlackElo "2526"]
[PlyCount "87"]
[EventDate "2008.11.13"]
[Source "www.chesslib.no"]
[SourceDate "2004.05.04"]

1. d4 d5 2. Bf4 e6 3. e3 Bd6 4. Bg3 Nf6 5. Nd2 c5 6. c3 Nc6 7. Ngf3 Qe7 8. Ne5 Nd7 9. f4 O-O 10. Bb5 Ndb8 11. Bd3 f5 12. Ndf3 Nd7 13. Bh4 Qe8 14. g4 cxd4 15. cxd4 Ndxe5 16. Nxe5 Nxe5 17. dxe5 Bc5 18. gxf5 exf5 19. Qf3 Be6 20. Rc1 Rc8 21. O-O Rf7 22. Rc2 Rfc7 23. Rfc1 Qd7 24. Bf2 a6 25. a3 Qf7 26. h3 Qd7 27. Kh2 Bb6 28. Rxc7 Rxc7 29. Rd1 Qa4 30. Qe2 Qb3 31. Bb1 Qc4 32. Qd2 Qb3 33. Bd3 Qa4 34. Qe2 Qb3 35. Rd2 Ba5 36. Rd1 Bb6 37. Rg1 Qa4 38. Rg5 Rf7 39. h4 Qc6 40. Rg1 Bd8 41. Qc2 Qxc2 42. Bxc2 Rd7 43. Rd1 Kf7 44. Kg3 1/2-1/2

[Event "GER-ch"]
[Site "Bremen"]
[Date "1998.11.07"]
[Round "2"]
[White "Keitlinghaus, Ludger"]
[Black "Mueller, Karsten"]
[Result "0-1"]
[WhiteElo "2485"]
[BlackElo "2550"]
[PlyCount "112"]
[EventDate "1998.11.06"]
[Source "ChessBase"]
[SourceDate "1999.02.01"]

1. d4 d5 2. Bf4 Nf6 3. e3 c6 4. c4 e6 5. Nc3 Bd6 6. Bg3 Qe7 7. Nf3 Bxg3 8. hxg3 Nbd7 9. Qc2 b6 10. cxd5 exd5 11. Bd3 Bb7 12. Rd1 g6 13. O-O O-O 14. Qa4 a6 15. b4 a5 16. b5 c5 17. Qa3 Rfe8 18. Na4 Ng4 19. Rfe1 Rac8 20. Rc1 Qf6 21. Qc3 c4 22. Bb1 Re7 23. Qa3 Rce8 24. Rc2 Re6 25. Rce2 Qg7 26. Nd2 Qh6 27. Nf1 f5 28. f3 Ngf6 29. Nc3 Qg5 30. Qc1 Nh5 31. e4 Qxc1 32. Rxc1 fxe4 33. fxe4 dxe4 34. d5 Re5 35. Bxe4 Nhf6 36. Bf3 Rxe2 37. Bxe2 Bxd5 38. Nd2 Bf7 39. Bxc4 Rc8 40. Ne2 Rc5 41. Bxf7+ Kxf7 42. Rxc5 Nxc5 43. Nc4 Na4 44. Nd4 Ne4 45. Kh2 Ke7 46. Kh3 Nd6 47. Ne3 Nc3 48. Kg4 Nxa2 49. Nd5+ Kf7 50. Nxb6 Nc3 51. Kg5 Ndxb5 52. Nc6 a4 53. Kh6 a3 54. Nb4 Kg8 55. Nc4 Ne4 56. Nxa3 Nbd6 0-1

[Event "Villa Martelli"]
[Site "Villa Martelli ARG"]
[Date "1995.??.??"]
[Round "8"]
[White "Spangenberg, Hugo H"]
[Black "Sorokin, Maxim"]
[Result "1/2-1/2"]
[WhiteElo "2500"]
[BlackElo "2535"]
[PlyCount "83"]
[EventDate "1995.??.??"]
[Source "www.chesslib.no"]
[SourceDate "2004.05.04"]

1. d4 d5 2. Bf4 g6 3. Be5 Nf6 4. Bxf6 exf6 5. e3 Nd7 6. c4 dxc4 7. Bxc4 Bd6 8. Nc3 O-O 9. Nf3 f5 10. O-O Nf6 11. Qc2 a6 12. a4 Qe7 13. Rfd1 Bd7 14. Nd5 Nxd5 15. Bxd5 c6 16. Bc4 Rad8 17. a5 Be6 18. g3 Rfe8 19. Rd3 Bc8 20. Qb3 Kg7 21. d5 c5 22. Qc3+ Qf6 23. Bb3 Re4 24. Qxf6+ Kxf6 25. Nd2 Rb4 26. Nc4 Bc7 27. Ra4 Rxa4 28. Bxa4 Be6 29. d6 Bb8 30. b3 Bxc4 31. bxc4 Bxd6 32. Bd1 Bc7 33. Rxd8 Bxd8 34. Bf3 b6 35. axb6 Bxb6 36. Bb7 a5 37. Bc6 Ke6 38. Kf1 Bd8 39. Ke2 Bf6 40. Kd3 g5 41. f4 h6 42. Ba4 1/2-1/2

[Event "Zlatibor"]
[Site "?"]
[Date "2006.09.03"]
[Round "9"]
[White "Sedlak Nikola"]
[Black "Abramovic Bosko"]
[Result "1/2-1/2"]
[WhiteElo "2519"]
[BlackElo "2515"]
[PlyCount "49"]
[EventDate "2006.??.??"]
[Source "www.chesslib.no"]
[SourceDate "2004.05.04"]

1. d4 d5 2. Bf4 c6 3. e3 Bf5 4. c4 e6 5. Qb3 Qb6 6. Nc3 Nd7 7. c5 Qxb3 8. axb3 a6 9. b4 Rc8 10. f3 h6 11. h4 Bh7 12. Nge2 Be7 13. Nc1 Bf6 14. Nb3 e5 15. Bg3 Ne7 16. Kd2 O-O 17. Bf2 h5 18. g4 hxg4 19. fxg4 g5 20. Be2 gxh4 21. Bxh4 Bxh4 22. Rxh4 Kg7 23. Rah1 Bg6 24. Bd3 Rfe8 25. Na5 1/2-1/2

[Event "Vinkovci"]
[Site "Vinkovci"]
[Date "1995.??.??"]
[Round "?"]
[White "Kovacevic, Vlatko"]
[Black "Zelcic, Robert"]
[Result "1-0"]
[WhiteElo "2520"]
[BlackElo "2500"]
[PlyCount "69"]
[EventDate "1995.04.??"]
[Source "ChessBase"]

1. d4 d5 2. Bf4 e6 3. e3 Bd6 4. c3 Nc6 5. Nf3 Nge7 6. h4 f6 7. Bxd6 Qxd6 8. c4 O-O 9. Nc3 Kh8 10. a3 a6 11. Qc2 f5 12. c5 Qd8 13. Ne2 Qe8 14. h5 Ng8 15. Nf4 Nf6 16. O-O-O b6 17. Bd3 Bd7 18. Rh4 Kg8 19. g4 Na5 20. Rg1 bxc5 21. gxf5 Ba4 22. Qc3 Nb3+ 23. Kb1 c4 24. fxe6 Qe7 25. h6 g6 26. Bxg6 Kh8 27. Bf5 Be8 28. Rg7 Qd6 29. Rh1 Rg8 30. Rhg1 Rxg7 31. Rxg7 Rb8 32. Ka2 Qb6 33. Ng5 c5 34. dxc5 Nxc5 35. Rxh7+ 1-0

[Event "Sitges op"]
[Site "?"]
[Date "1996.??.??"]
[Round "4"]
[White "Kovacevic Slobodan"]
[Black "Korneev Oleg"]
[Result "1/2-1/2"]
[WhiteElo "2455"]
[BlackElo "2565"]
[PlyCount "52"]
[EventDate "1996.??.??"]
[Source "www.chesslib.no"]
[SourceDate "2004.05.04"]

1. d4 d5 2. Bf4 c5 3. e3 Nc6 4. c3 Qb6 5. Qb3 c4 6. Qc2 Bf5 7. Qc1 e6 8. Nd2 Nf6 9. Be2 Be7 10. h3 O-O 11. Ngf3 Qd8 12. O-O h6 13. Bd1 b5 14. a3 a5 15. Bc2 Bxc2 16. Qxc2 b4 17. e4 bxa3 18. bxa3 a4 19. exd5 exd5 20. Rfe1 Qd7 21. Nf1 Rfe8 22. Ne3 Bf8 23. Be5 Nh7 24. Bf4 Nf6 25. Be5 Nh7 26. Bf4 Nf6 1/2-1/2

[Event "Zenica"]
[Site "Zenica BIH"]
[Date "1987.??.??"]
[Round "?"]
[White "Kovacevic, Vlatko"]
[Black "Garcia Palermo, Carlos H"]
[Result "1/2-1/2"]
[WhiteElo "2490"]
[BlackElo "2530"]
[PlyCount "55"]
[EventDate "1987.04.??"]
[Source "www.chesslib.no"]
[SourceDate "2004.05.04"]

1. d4 d5 2. Bf4 c5 3. e3 Nc6 4. Nc3 cxd4 5. exd4 Bf5 6. Nf3 e6 7. a3 Bd6 8. Bxd6 Qxd6 9. Be2 Nge7 10. O-O O-O 11. Qd2 Bg4 12. Ne1 Bxe2 13. Nxe2 Nf5 14. c3 Na5 15. Qd3 Rfc8 16. Ng3 Nxg3 17. Qxg3 Qxg3 18. hxg3 Nc4 19. Nd3 Re8 20. Rfe1 b6 21. g4 f6 22. Re2 Kf7 23. Rae1 Rad8 24. f3 h6 25. Kf2 a5 26. a4 Re7 27. Nf4 Rde8 28. Nd3 1/2-1/2

[Event "otb"]
[Site "otb"]
[Date "2007.05.27"]
[Round "7"]
[White "Popovic Milos"]
[Black "Ivanisevic Ivan"]
[Result "1/2-1/2"]
[WhiteElo "2404"]
[BlackElo "2614"]
[PlyCount "86"]
[Source "www.chesslib.no"]
[SourceDate "2004.05.04"]

1. d4 d5 2. Bf4 Nf6 3. e3 c5 4. c3 Nc6 5. Nd2 cxd4 6. exd4 g6 7. Be2 Bg7 8. h3 O-O 9. Ngf3 Ne8 10. O-O Nd6 11. Re1 e6 12. Bf1 b6 13. Ne5 Ne7 14. Qa4 Bb7 15. Qd7 Qxd7 16. Nxd7 Rfd8 17. Bxd6 Rxd7 18. Bf4 Nf5 19. a4 Bc6 20. a5 b5 21. b4 Nd6 22. Nb3 Nc4 23. Nc5 Rdd8 24. g4 h6 25. h4 Re8 26. Bxc4 dxc4 27. g5 hxg5 28. hxg5 Rad8 29. Bc7 Rd5 30. f4 Rf5 31. Kh2 e5 32. Bxe5 Bxe5 33. Rxe5 Rexe5 34. fxe5 Rf2+ 35. Kg1 Rc2 36. Re1 Rxc3 37. e6 Rg3+ 38. Kh2 Rg2+ 39. Kh3 Rxg5 40. e7 Rh5+ 41. Kg3 Rg5+ 42. Kh4 Rh5+ 43. Kg3 Rg5+ 1/2-1/2